000 00467nam a2200133Ia 4500
005 20260328104312.0
008 260328s9999||||xx |||||||||||||| ||und||
100 _aFacultad de Arquitectura Diseño y Urbanismo
245 0 _aEntrevistas 3 :
_b Correa, Zampollo, Mazzanti, Cruz, Korvenmaa, Rosas, Peeters, Ferras /
_cFacultad de Arquitectura Diseño y Urbanismo
260 _bUniversidad de la República
300 _a172 p.
650 _aARQUITECTURA
942 _cBK
999 _c11001
_d11001